[Event "Østlandsserien 2022/2023, 4. div. E"]
[Site "Oslo NOR"]
[Date "2023.02.05"]
[Round "4"]
[White "Furnes, Torstein"]
[Black "Nygaard, Trond"]
[Result "1-0"]
[WhiteElo "1715"]
[BlackElo "1455"]
[Annotator "Furnes, Torstein"]
[PlyCount "91"]
[EventDate "2022.11.13"]
[WhiteTeam "Follo 2"]
[BlackTeam "Groruddalen 2"]

1. d4 d5 2. c4 e6 3. Nc3 Bb4 4. e3 Nf6 5. Nf3 O-O 6. Bd3 Nbd7 7. O-O c5 8. cxd5
exd5 9. dxc5 Bxc3 10. bxc3 Nxc5 11. Ba3 Qa5 12. Bb4 Qc7 13. Nd4 Ng4 14. g3 $6 (
{Stockfish mener at hvit måtte returnere med springeren.} 14. Nf3) 14... Ne5 $6
({Stockfish vil spille} 14... Nxd3 15. Qxd3 Ne5 16. Qb5 Rd8 {med svart fordel.}
) 15. Bxc5 Qxc5 {Diagram [#]} 16. Bxh7+ $1 {En liten kombinasjon som vinner
bonde. Et litt artig poeng er at jeg vant bonde på nøyaktig samme måte i mitt
forrige østlandsserie-parti i desember: Løperoffer på h7 fulgt av
dronningsjakk på h5 og deretter slag på en ubeskyttet springer på e5.
Kombinasjonene fant også sted på nesten samme sted i partiet. I forrige parti
i trekk 15 og i dette partiet i trekk 16.} Kxh7 17. Qh5+ Kg8 18. Qxe5 {Den
hvite springeren står godt plassert i sentrum der den kontrollerer mange
viktige felter. Svart kan ikke jage den bort eller framtvinge noe avbytte.} Bh3
19. Rfc1 Rae8 20. Qh5 Be6 21. h4 Qc4 22. Qg5 Qd3 23. h5 f6 24. Qf4 g5 $6 {
Stockfish likte ikke dette bondetrekket.} 25. hxg6 Qxg6 26. Rab1 ({Stockfish
sitt førstevalg er} 26. Nxe6 Rxe6 27. Rd1) 26... Rf7 $6 {Nå vinner hvit ny
bonde.} 27. Nxe6 Rxe6 28. Qb8+ Kh7 29. Rxb7 Ree7 30. Rxe7 Rxe7 31. Qd6 Qf7 32.
Kg2 Re5 33. Rh1+ Kg6 34. Rh4 Re4 35. Rxe4 dxe4 36. a4 Qc4 37. Qd4 Qe6 38. c4
Qg4 39. c5 Qf3+ 40. Kg1 f5 41. c6 f4 42. Qd6+ Kh5 43. Qxf4 Qd1+ 44. Kg2 Qxa4
45. c7 Qd7 46. Qh4+ 1-0

[Event "Østlandsserien 2022/2023, 4. div. E"]
[Site "Oslo NOR"]
[Date "2023.02.05"]
[Round "4"]
[White "Fitje, Tor-Finn Malum"]
[Black "Brenden, Torbjørn"]
[Result "1-0"]
[WhiteElo "1445"]
[BlackElo "1624"]
[PlyCount "53"]
[EventDate "2022.11.13"]
[WhiteTeam "Groruddalen 2"]
[BlackTeam "Follo 2"]

1. e4 c5 2. Nf3 d6 3. d4 cxd4 4. Nxd4 Nf6 5. Nc3 a6 6. f3 e5 7. Nb3 Be7 8. Be3
Be6 9. Qd2 Nbd7 10. O-O-O Qc7 11. g4 h6 12. Rg1 b5 13. g5 hxg5 14. Bxg5 b4 15.
Nd5 Bxd5 16. exd5 a5 17. Bb5 a4 18. Na1 Qa5 19. Bc6 Rc8 20. a3 Rb8 21. axb4
Rxb4 22. Bxf6 Bxf6 23. Rg4 e4 24. Rxe4+ Rxe4 25. Qxa5 Bd8 26. Bxd7+ Kxd7 27.
Qb5+ 1-0

[Event "Østlandsserien 2022/2023, 4. div. E"]
[Site "Oslo NOR"]
[Date "2023.02.05"]
[Round "4"]
[White "Samset, Jon"]
[Black "Damman, Odd Andre"]
[Result "1-0"]
[WhiteElo "1400"]
[BlackElo "1183"]
[PlyCount "103"]
[EventDate "2022.11.13"]
[WhiteTeam "Follo 2"]
[BlackTeam "Groruddalen 2"]

1. e4 e5 2. Nf3 d6 3. Bc4 h6 4. h3 Qe7 5. O-O Be6 6. Bb3 Nf6 7. Nc3 Bxb3 8.
axb3 c6 9. d4 Qc7 10. dxe5 dxe5 11. Be3 a6 12. Qd3 Nbd7 13. Rfd1 Be7 14. Ne2
O-O 15. Ng3 Rfd8 16. Nf5 Bf8 17. Qe2 Nh7 18. Kh1 Ndf6 19. Bxh6 Rxd1+ 20. Qxd1
gxh6 21. Qd2 Kh8 22. Nxh6 Bxh6 23. Qxh6 Rg8 24. Qh4 Qd6 25. Ra5 Nd7 26. Qh5 f6
27. Nh4 Rg5 28. Qf7 Ndf8 29. Qxb7 Qd1+ 30. Kh2 Qxc2 31. f4 Rg7 32. Qxa6 Qxe4
33. Ra4 Qd5 34. f5 Qd6 35. Re4 Kg8 36. Qc8 Ng5 37. Re1 e4+ 38. Kh1 Rc7 39. Qe8
Re7 40. Qh5 Rh7 41. Qg4 Rg7 42. Rd1 Qc7 43. Qh5 Rh7 44. Qg4 Nd7 45. Ng6 Ne5 46.
Nxe5 Qxe5 47. Rd8+ Kg7 48. Rd7+ Kf8 49. Rd1 e3 50. Qb4+ Kg7 51. Rd7+ Kh6 52.
Qh4# 1-0

[Event "Østlandsserien 2022/2023, 3. div. D"]
[Site "Ås, Viken NOR"]
[Date "2023.03.05"]
[Round "5"]
[White "Stake-Larsen, Gunnar"]
[Black "Lange, David"]
[Result "0-1"]
[WhiteElo "1973"]
[BlackElo "1977"]
[PlyCount "46"]
[EventDate "2022.11.13"]
[WhiteTeam "OSS 4"]
[BlackTeam "Follo 1"]

1. d4 d5 2. c4 e6 3. Nc3 Nf6 4. Nf3 b6 5. Bg5 Be7 6. e3 O-O 7. Bd3 Bb7 8. O-O
Nbd7 9. Rc1 c5 10. cxd5 Nxd5 11. Bxe7 Qxe7 12. Re1 cxd4 13. Nxd4 Rac8 14. Nxd5
Bxd5 15. Rxc8 Rxc8 16. e4 Bc4 17. Bb1 Ne5 18. f4 Rd8 19. fxe5 Qc5 20. Qh5 Qxd4+
21. Kh1 Qxb2 22. h3 h6 23. Qh4 Rd2 0-1

[Event "Østlandsserien 2022/2023, 3. div. D"]
[Site "Ås, Viken NOR"]
[Date "2023.03.05"]
[Round "5"]
[White "Johansen, Anders Sten"]
[Black "Undheim, Bjarne"]
[Result "0-1"]
[WhiteElo "1749"]
[BlackElo "1878"]
[PlyCount "84"]
[EventDate "2022.11.13"]
[WhiteTeam "Follo 1"]
[BlackTeam "OSS 4"]

1. e4 d5 2. e5 Bf5 3. d4 e6 4. Bd3 Bxd3 5. Qxd3 c5 6. c3 Qb6 7. f4 Nc6 8. Nf3
Nh6 9. O-O cxd4 10. cxd4 Nf5 11. Kh1 Ncxd4 12. Nxd4 Nxd4 13. Nc3 Nc6 14. Bd2
Bb4 15. a3 Bxc3 16. bxc3 O-O 17. Rab1 Qa6 18. Qg3 Ne7 19. h4 Qe2 20. Rfd1 Nf5
21. Qh3 h5 22. Kg1 b6 23. Qf3 Qxf3 24. gxf3 Nxh4 25. Kf2 Nf5 26. Rb4 Rfc8 27.
a4 Rc5 28. Ke2 Rac8 29. Kd3 Rc4 30. Rh1 g6 31. Rh2 R8c6 32. Rh1 a5 33. Rxc4
Rxc4 34. Rb1 Rxa4 35. Rxb6 Ra1 36. Be3 Nxe3 37. Kxe3 a4 38. Kd4 a3 39. Kc5 a2
40. Ra6 h4 41. Ra4 h3 42. f5 gxf5 0-1

[Event "Østlandsserien 2022/2023, 3. div. D"]
[Site "Ås, Viken NOR"]
[Date "2023.03.05"]
[Round "5"]
[White "Hansen, Tommy"]
[Black "Lange, Holger"]
[Result "1/2-1/2"]
[WhiteElo "1800"]
[BlackElo "1724"]
[Annotator "Lange,Holger"]
[PlyCount "72"]
[EventDate "2022.11.13"]
[WhiteTeam "OSS 4"]
[BlackTeam "Follo 1"]

1. Nf3 d5 2. e3 Nf6 3. d4 Bg4 4. c4 e6 5. Nc3 Be7 6. Qb3 b6 7. Ne5 dxc4 8. Bxc4
O-O 9. Nxg4 Nxg4 10. Qd1 Nf6 11. O-O Nbd7 12. Bd2 c5 13. d5 Ne5 14. Be2 exd5
15. f4 Nc6 16. Rf3 d4 17. exd4 Nxd4 18. Rd3 Qd7 19. Bf1 Rad8 20. Be3 Qf5 21.
Qd2 Nc6 22. Rd1 Ng4 23. Nd5 Bd6 24. g3 Qg6 (24... c4 $1 {og svart vinner:} 25.
Rc3 Bb4 26. Qg2 Bxc3 27. bxc3 Nxe3 28. Nxe3 {osv.}) 25. Bg2 Nxe3 26. Nxe3 Nd4
27. Nc2 Nxc2 28. Qxc2 Be7 29. Qe2 Rxd3 30. Rxd3 Bf6 31. b3 Bd4+ 32. Kh1 Qf6 33.
Rd1 g6 34. Qe4 Qd6 35. Bf1 Qd7 36. Re1 Rd8 {Remistilbud som førte til opprykk
til andre divisjon! Motstanderen aksepterte med 40 sek. igjen på klokka}
1/2-1/2

[Event "Østlandsserien 2022/2023, 3. div. D"]
[Site "Ås, Viken NOR"]
[Date "2023.03.05"]
[Round "5"]
[White "Kielland-Lund, Jon"]
[Black "Roderburg, Rolf Theodo"]
[Result "1/2-1/2"]
[WhiteElo "1721"]
[BlackElo "1703"]
[PlyCount "83"]
[EventDate "2022.11.13"]
[WhiteTeam "Follo 1"]
[BlackTeam "OSS 4"]

1. c4 Nf6 2. Nc3 e5 3. Nf3 Nc6 4. g3 Be7 5. d4 exd4 6. Nxd4 Nxd4 7. Qxd4 b6 8.
Bg2 Rb8 9. O-O Bb7 10. e4 Bc5 11. Qd3 Ng4 12. Qe2 Ne5 13. b3 Bd4 14. Bb2 a6 15.
Rad1 c5 16. Na4 Nc6 17. Bxd4 Nxd4 18. Qd3 O-O 19. f4 d6 20. Nc3 f5 21. Rfe1 b5
22. exf5 Bxg2 23. Kxg2 Rxf5 24. Ne2 Qf6 25. Nxd4 cxd4 26. cxb5 Rfxb5 27. Qxd4
Qxd4 28. Rxd4 R5b6 29. Red1 Rd8 30. Kf3 Kf7 31. R1d2 Rc6 32. Rb4 Rd7 33. Re2
Rc3+ 34. Kf2 Rc6 35. Rd4 Kf6 36. g4 Kf7 37. h4 Re7 38. Rxe7+ Kxe7 39. Ke3 Rc3+
40. Rd3 Rc2 41. Rd2 Rc3+ 42. Rd3 1/2-1/2

[Event "Østlandsserien 2022/2023, 4. div. E"]
[Site "Ås, Viken NOR"]
[Date "2023.03.05"]
[Round "5"]
[White "Brokke, Dag Erland"]
[Black "Furnes, Torstein"]
[Result "0-1"]
[WhiteElo "1595"]
[BlackElo "1719"]
[Annotator "Furnes, Torstein"]
[PlyCount "94"]
[EventDate "2022.11.13"]
[WhiteTeam "Nes 1"]
[BlackTeam "Follo 2"]

1. f4 d5 2. Nf3 Nf6 3. e3 c5 4. d3 Nc6 5. a3 e6 6. Be2 Bd6 7. O-O O-O 8. Qe1 e5
9. fxe5 Nxe5 10. Nc3 Re8 11. Qh4 Neg4 ({Stockfish liker bedre} 11... Ng6) 12.
e4 d4 13. Nd1 Qc7 14. h3 $6 $19 {Stockfish liker ikke dette bondetrekket. Den
svarte løperen får nå et godt felt på g3.} Bg3 15. Qg5 ({Her er faktisk
førstevalget til Stockfish å gi dronningen for to lette offiserer:} 15. Qxg3
Qxg3 16. hxg4 Nxg4) 15... h6 16. Qd2 {Her følte jeg at det måtte finnes en
taktisk avgjørende fortsettelse for svart. Men jeg fant ikke det riktige
trekket.} Ne5 ({Vinstvarianten er:} 16... Bh2+ 17. Kh1 Nh5 $1 18. hxg4 Ng3+ $1
19. Kxh2 Nxf1+ 20. Kg1 Nxd2 21. Nxd2 {og svart har vunnet materiell (dronning
og tårn for tre lette offiserer). Svartfordel på -7 ifølge Stockfish.}) ({
Andrevalget til Stockfish er} 16... Rxe4 $1 17. hxg4 (17. dxe4 $2 Bh2+ 18. Kh1
Nxe4 19. hxg4 Ng3+ 20. Kxh2 Nxf1+ 21. Kg1 Nxd2 22. Bxd2) 17... Rxg4 {med
svartfordel på -2.5.}) 17. Nf2 Ng6 18. Qd1 Bd7 19. Bd2 b5 20. b4 Rac8 21. Rc1
cxb4 22. axb4 Qb6 23. Nh2 Rc7 24. Nfg4 Nxe4 $1 25. Bxh6 $2 ({Hvits beste
fortsettelse var å ta imot offeret.} 25. dxe4 d3+ 26. Kh1 (26. Be3 $2 Bxh2+ 27.
Kxh2 dxe2 28. Qxe2 Qd6+ 29. Kg1 Bxg4 30. Qxg4 Qxb4) 26... dxe2 27. Qxe2) 25...
Nc3 26. Qd2 Nxe2+ 27. Kh1 Nxc1 28. Qg5 Bxg4 29. Nxg4 Re1 30. Rxe1 Bxe1 31. Bxg7
Kxg7 32. Nh6 Bh4 33. Nf5+ Kf8 34. Qxc1 Qf6 35. Qf1 Re7 36. Qf3 Re1+ 37. Kh2
Qe5+ 38. g3 Qe2+ 39. Qxe2 Rxe2+ 40. Kh1 Bf6 41. h4 Rxc2 42. h5 Ne7 43. Nd6 a6
44. g4 Bg5 45. Ne4 f6 46. Nc5 Rxc5 47. bxc5 b4 0-1

[Event "Østlandsserien 2022/2023, 4. div. E"]
[Site "Ås, Viken NOR"]
[Date "2023.03.05"]
[Round "5"]
[White "Brenden, Torbjørn"]
[Black "Mobæk, Magnus"]
[Result "1-0"]
[WhiteElo "1609"]
[BlackElo "1293"]
[PlyCount "103"]
[EventDate "2022.11.13"]
[WhiteTeam "Follo 2"]
[BlackTeam "Nes 1"]

1. d4 Nf6 2. Nf3 e6 3. Bf4 b6 4. e3 Bb7 5. Be2 Be7 6. h3 d6 7. O-O Nbd7 8. a4
a6 9. c4 c5 10. Nc3 cxd4 11. exd4 Qc7 12. b3 O-O 13. Rc1 e5 14. Bh2 exd4 15.
Nxd4 Ne5 16. Nf5 Rad8 17. Qd4 Nc6 18. Qf4 Rd7 19. Nd5 Qd8 20. Qg5 Ne8 21.
Ndxe7+ Nxe7 22. Rcd1 Nxf5 23. Qxf5 h6 24. Bd3 g6 25. Qf4 Qg5 26. Qxg5 hxg5 27.
Rfe1 Nf6 28. Bc2 d5 29. Be5 Nh5 30. cxd5 Bxd5 31. g4 Ng7 32. Bf6 Ne6 33. Be4
Nf4 34. Bxd5 Rxd5 35. Rxd5 Nxd5 36. Bxg5 Rc8 37. Rd1 Nb4 38. Rd6 Rc6 39. Rd4
Nc2 40. Rd3 Ne1 41. Rd8+ Kg7 42. Be3 Nc2 43. Bd2 Na1 44. Rd3 Nc2 45. Kf1 a5 46.
Ke2 Re6+ 47. Kd1 Rc6 48. Bc3+ Rxc3 49. Rxc3 Nd4 50. Kd2 Kf6 51. Ke3 Ke5 52. f4+
1-0

[Event "Østlandsserien 2022/2023, 4. div. E"]
[Site "Ås, Viken NOR"]
[Date "2023.03.05"]
[Round "5"]
[White "Skogholt, Steinar Dieseth"]
[Black "Thowsen, Alf Geir"]
[Result "1-0"]
[WhiteElo "1182"]
[BlackElo "1385"]
[PlyCount "83"]
[EventDate "2022.11.13"]
[WhiteTeam "Nes 1"]
[BlackTeam "Follo 2"]

1. d4 Nf6 2. Nc3 e6 3. a3 d5 4. Bf4 a6 5. e3 Bd6 6. Bg3 O-O 7. Bd3 Re8 8. Nf3
c5 9. e4 dxe4 10. Nxe4 Nxe4 11. Bxe4 Nc6 12. Bxd6 Qxd6 13. dxc5 Qxc5 14. O-O e5
15. Rc1 Bg4 16. Bxh7+ Kh8 17. b3 Rad8 18. Bd3 Bh5 19. Qe2 Nd4 20. Qe4 f5 21.
Qh4 g6 22. Qf6+ Kg8 23. Nxd4 Qxd4 24. h3 Rd6 25. Bc4+ Rd5 26. Bxd5+ Qxd5 27. c4
Qd3 28. Qb6 Qd7 29. c5 Re6 30. c6 Rxc6 31. Rxc6 Qxc6 32. Qxc6 bxc6 33. Rc1 Kf7
34. Rxc6 Be2 35. a4 a5 36. Rc5 Bd1 37. Rxe5 Bxb3 38. Rxa5 Kf6 39. Ra8 f4 40. a5
g5 41. a6 Bd5 42. Rb8 1-0

[Event "Østlandsserien 2021/2022, 3. div. B"]
[Site "Oslo NOR"]
[Date "2021.10.31"]
[Round "1"]
[White "Lange, David"]
[Black "Omtvedt, Per"]
[Result "1/2-1/2"]
[WhiteElo "1985"]
[BlackElo "1824"]
[PlyCount "36"]
[EventDate "2021.10.31"]
[WhiteTeam "Follo 1"]
[BlackTeam "Stjernen 3"]

1. d4 Nf6 2. c4 e6 3. Nf3 d5 4. e3 c6 5. Nc3 Nbd7 6. Bd3 dxc4 7. Bxc4 b5 8. Bd3
b4 9. Ne4 Bb7 10. Qa4 Qb6 11. Bd2 Nxe4 12. Bxe4 Bd6 13. Rc1 Rc8 14. O-O O-O 15.
Ne1 Nf6 16. Bd3 c5 17. dxc5 Rxc5 18. Rxc5 Bxc5 1/2-1/2

[Event "Østlandsserien 2021/2022, 3. div. B"]
[Site "Oslo NOR"]
[Date "2021.10.31"]
[Round "1"]
[White "Liu, Bibek"]
[Black "Aamodt, Peder Marcus"]
[Result "0-1"]
[WhiteElo "1822"]
[BlackElo "1873"]
[PlyCount "98"]
[EventDate "2021.10.31"]
[WhiteTeam "Stjernen 3"]
[BlackTeam "Follo 1"]

1. d4 Nf6 2. c4 e6 3. Nf3 d5 4. e3 Be7 5. Bd3 dxc4 6. Bxc4 a6 7. O-O O-O 8. Qc2
b5 9. Bd3 Bb7 10. Nbd2 Nbd7 11. e4 h6 12. e5 Nd5 13. a3 c5 14. dxc5 Nxc5 15.
Be2 Nf4 16. Bd1 Bd5 17. g3 Ng6 18. Qc3 Rc8 19. Qe3 Nd7 20. b4 Qb6 21. Re1 Qb8
22. Bb3 Nb6 23. Bb2 Rfd8 24. Rac1 Bxb3 25. Qxb3 Rd5 26. Rxc8+ Qxc8 27. Qe3 Qb8
28. Bd4 Bd8 29. Rc1 Nd7 30. Rc6 Ngxe5 31. Rxa6 Bf6 32. Nxe5 Nxe5 33. Bxe5 Bxe5
34. Nf3 Bb2 35. Qb3 Qb7 36. Ra5 Bf6 37. Qe3 Rf5 38. Ne1 Re5 39. Qd2 Rd5 40. Qe3
Bd4 41. Qf3 Bb6 42. Rxb5 Bxf2+ 43. Qxf2 Qxb5 44. Qc2 Rf5 45. Nd3 Qd5 46. Nf4
Qd4+ 47. Kg2 g5 48. Nd3 Qe4+ 49. Kg1 Rf3 0-1

[Event "Østlandsserien 2021/2022, 3. div. B"]
[Site "Oslo NOR"]
[Date "2021.10.31"]
[Round "1"]
[White "Furnes, Torstein"]
[Black "Fjellheim, Egil Aarstad"]
[Result "0-1"]
[WhiteElo "1763"]
[BlackElo "1790"]
[Annotator "Furnes, Torstein"]
[PlyCount "96"]
[EventDate "2021.10.31"]
[WhiteTeam "Follo 1"]
[BlackTeam "Stjernen 3"]

1. d4 Nf6 2. c4 d6 3. Nc3 g6 4. e4 Bg7 5. Nf3 O-O 6. Be2 Bg4 7. O-O Nbd7 8. Be3
c5 9. Qd2 cxd4 10. Bxd4 Rc8 11. b3 Bxf3 12. Bxf3 a6 13. Rad1 Rb8 14. Rfe1 Kh8
15. Nd5 Nxd5 16. Bxg7+ Kxg7 17. exd5 Ne5 18. Be4 Qb6 19. Re3 f5 20. Bb1 f4 21.
Rh3 Rf6 22. Re1 Rbf8 23. Kh1 R8f7 24. f3 $2 {Partiets vendepunkt, nøyaktig
halvveis i partiet. Hittil har Stockfish likt hvit stilling best, men nå snur
vurderingen til svart fordel. Det hvite tårnet blir stående passivt og
innestengt.} Kg8 25. Qc2 Qa5 26. Qe4 Qd2 27. Re2 Qc3 28. Rh4 a5 29. Rc2 Qa1 30.
Rc1 Qb2 31. Re1 Qf2 32. Rh3 a4 33. Qe2 Qd4 34. Qc2 a3 35. Qc1 Qc5 36. Qc2 b5
37. cxb5 Qxd5 38. b6 Rf8 39. Qc7 R6f7 40. Qa7 (40. b7 {kan se lovende ut, men
ifølge Stockfish har svart bonden under kontroll, og vurderer stillingen som
lik.} Qd2 (40... e6 $4 41. b8=Q) 41. Rf1 Qb4 42. Qc8 e6 43. Qxe6 Qxb7) 40...
Qd2 41. Rg1 Qb4 42. Be4 e6 43. Qa4 Qxb6 44. Qxa3 d5 45. Bb1 Rc8 46. Qb2 Qe3 47.
a4 Rfc7 48. b4 Rc1 0-1

[Event "Østlandsserien 2021/2022, 4. div. D"]
[Site "Bærum, Viken NOR"]
[Date "2021.10.31"]
[Round "1"]
[White "Johnson, David"]
[Black "Mundal, Olaf"]
[Result "1-0"]
[WhiteElo "1669"]
[BlackElo "1505"]
[PlyCount "55"]
[WhiteTeam "Follo 2"]
[BlackTeam "Bærum Cafe Hygge"]

1. e4 d5 2. exd5 Qxd5 3. Nc3 Qa5 4. Bc4 Nf6 5. d3 Bf5 6. Bd2 c6 7. Qe2 Qc7 8.
h3 Nbd7 9. Nf3 e6 10. Nd4 O-O-O 11. Nxf5 exf5 12. Bxf7 Bc5 13. O-O-O Rhf8 14.
Bb3 Rfe8 15. Qf3 g6 16. Rhe1 Ne5 17. Qg3 Bd6 18. Qg5 Nfd7 19. d4 Nd3+ 20. cxd3
Nb6 21. Kb1 Be7 22. Qh6 Bf6 23. Rxe8 Rxe8 24. d5 Bxc3 25. Bxc3 Nxd5 26. Bxd5
cxd5 27. Bd2 Qd7 28. Bf4 1-0

[Event "Østlandsserien 2021/2022, 4. div. D"]
[Site "Bærum, Viken NOR"]
[Date "2021.10.31"]
[Round "1"]
[White "Bjørnstad, Gardar Foss"]
[Black "Thowsen, Alf Geir"]
[Result "1-0"]
[WhiteElo "1366"]
[BlackElo "1386"]
[PlyCount "43"]
[EventDate "2021.10.31"]
[WhiteTeam "Bærum Café Hygge"]
[BlackTeam "Follo 2"]

1. e4 e6 2. d4 d5 3. Nc3 c5 4. dxc5 Bxc5 5. exd5 exd5 6. Qxd5 Qe7+ 7. Be2 Nf6
8. Qg5 Nc6 9. Bd2 Bb6 10. Nf3 Be6 11. O-O Rg8 12. Rfe1 h6 13. Qb5 O-O-O 14. a4
Ng4 15. Nd1 Qc7 16. h3 Nd4 17. Qb4 Nxf3+ 18. Bxf3 Bxf2+ 19. Nxf2 Nf6 20. Bf4
Qd7 21. Rad1 Nd5 22. Qc5+ 1-0

[Event "Østlandsserien 2021/2022, 3. div. B"]
[Site "Hønefoss, Viken NOR"]
[Date "2021.12.05"]
[Round "2"]
[White "Aamodt, Peder Marcus"]
[Black "Bergli, Ståle"]
[Result "1-0"]
[WhiteElo "1894"]
[BlackElo "1589"]
[Annotator "Aamodt, Peder Marcus"]
[PlyCount "167"]
[EventDate "2021.10.31"]
[WhiteTeam "Follo 1"]
[BlackTeam "Hønefoss 2"]

1. e4 e6 2. d4 d5 3. Nc3 dxe4 4. Nxe4 Nf6 $6 {Dette er kjent for å være ganske
dårlig} (4... Nd7 5. Nf3 Ngf6) (4... Bd7 5. Nf3 Bc6 6. Bd3 Nd7 7. O-O Ngf6) 5.
Nxf6+ Qxf6 6. Nf3 h6 7. Bd3 Bd6 8. O-O b6 $2 {Dette er for tidlig å spille} (
8... Nc6 9. c3 O-O 10. Qe2 e5 {Hadde vært bedre enn det svart fikk i partiet})
9. Be4 c6 10. c4 $6 (10. Re1 {Stillingen til hvit er mye mer behagelig} Bb7 11.
Ne5 O-O $2 12. Qh5 $1 $146 {Dette er vunnet allerede}) 10... Bb7 (10... Ba6
$146 {Er et alternativ}) 11. Re1 $146 (11. b4 $5 $146 {Dette var noe jeg
vurderte, men valgte å ikke gå for, ettersom det er ganske risikabelt uten å
ha sett på dette tidligere}) 11... Nd7 12. Bd2 O-O 13. Bc3 Qe7 14. d5 $6 {Det
er for tidlig å spille d5 her} (14. a3 {holde det rolig for øyeblikket er
tydeligvis bedre}) 14... Nc5 $4 {slagvekslingene er i klar favør for hvit} (
14... cxd5 15. Bxd5 Bxd5 16. cxd5 e5 17. Nd4 $1 {syntes jeg så mer behagelig
ut for hvit}) 15. dxc6 Nxe4 16. cxb7 Nxc3 17. bxa8=Q {Og hvit har 2 dronninger
på brettet etter 17 trekk!} Nxd1 18. Qe4 Nxb2 19. Qc2 Ba3 20. Rab1 Qb4 21. Qb3
$6 {Upresist} (21. Re3 $1 {Og stillingen er håpløs for svart}) 21... Qxb3 22.
axb3 Nd3 $2 (22... a5 {og svart kjemper videre}) 23. Red1 Nf4 24. Ra1 Bc5 25.
Rxa7 Ne2+ 26. Kf1 Nc3 27. Rd3 Ne4 28. Ne5 (28. Ra2 {Er mye lettere}) 28... Nxf2
29. Rdd7 Ne4 30. Nd3 $4 {Her bukket jeg bare en ren bonde. Jeg glemte helt
gaffelen på d2} (30. Rxf7 {Vinner lett} Rxf7+ 31. Nxf7 b5 32. Rd7 Nf6 33. Rc7
Bb6 34. Rb7 {Og hvit for kontroll på brikkene}) 30... Nd2+ 31. Ke2 Nxb3 32. Ne5
b5 33. Rac7 $2 {nå er det nesten ikke noe igjen av den hvite fordelen} (33.
Rab7 bxc4 34. Nxc4 Nd4+ 35. Kd3 Nf5 36. g4 {og hvit presser}) 33... bxc4 34.
Nxc4 Bg1 35. g3 Nc5 $2 {Tillater fordel} (35... h5 $1 {hadde vært nesten remis}
) ({Ikke gå i fellen} 35... Bxh2 $4 36. Kf2 {og løperen er fanget}) 36. Rd1 $1
{Nå er løperen på g1 nesten fanget pga springen sin plassering på c5} Bxh2 $5 (
36... Na6 {er nok et bedre forsøk} 37. Rcd7 Bc5 (37... Nc5 38. Rd8 Rxd8 39.
Rxd8+ Kh7 40. Kf1 Bxh2 41. Kg2 Bxg3 42. Kxg3 {Her er det nesten bare å spille
partiet ut for å avgjøre det. Hvit har nok en større fordel i Tårnet sitt, men
det er veldig vanskelig å se hvordan man skal vinne dette grunnet mange
bondetrekk. Dette er likevel å bli foretrukket over det som ble spilt i partiet
}) 38. Ne5 Nb4 39. Rc1 Na6 40. Rc4 {og hvit spiller på 2 resultater}) 37. Rxc5
Bxg3 {Hvit vinner dette 100% hvis man klarer å fjerne 2 bønder eller å få
byttet noen offiserer} 38. Kf3 $1 {Kongen kommer til et bedre felt med et
nyttig tempo} Bh4 39. Rd7 Ra8 40. Rcc7 Ra1 41. Ne5 (41. Rxf7 $4 Rf1+ 42. Kg4
Rxf7 43. Rxf7 Kxf7 44. Kxh4 $11) 41... Bf6 42. Nd3 (42. Nxf7 {var også en
mulighet, men det er litt ubehagelig med alle sjakkene}) 42... Ra3 43. Kg2 Ra2+
44. Nf2 Be5 45. Rc8+ Kh7 46. Rxf7 Bf6 47. Rc6 Kg6 {Her må hvit passe seg for
at Lh4/Ld4 ikke bare vinner springeren på f2} 48. Rf8 e5 49. Kf3 Ra3+ 50. Ke4
Ra4+ 51. Kd5 Ra5+ 52. Ke6 e4 {Her begynte jeg å bli nervøs. Det ser ut som at
det er den raskeste bonden noensinne som løper nedover e-linjen.} 53. Ng4 $1 {
Klarer man å skjønne at dette er godt for hvit, grunnet dekningen av e5, så er
man på god vei mot seier} e3 54. Rc2 $6 (54. Nxf6 {vinner også} e2 55. Rc1 {
jeg hadde planlagt å spille dette, men jeg trodde plutselig at svart bare
kunne spille Te5+ og gå inn med dame i neste, men tårnet kan man bare ta})
54... Bg5 55. Ne5+ Kh7 56. Re2 Ra6+ 57. Kf5 Ra4 58. Rc8 Rf4+ 59. Ke6 Rf6+ 60.
Kd5 Rf5 61. Ke4 Rf4+ 62. Kd3 Ra4 63. Nc4 Ra7 64. Nxe3 {Og nå har hvit vunnet
to bønder og dette må være klar vinst} Rd7+ 65. Ke4 Re7+ 66. Kf3 Rf7+ 67. Kg2
Re7 68. Rc3 Bf6 69. Rcc2 {nå er det ikke noe binding på springeren} Re5 70. Kf3
Rh5 71. Rh2 Ra5 72. Rc4 Ra3 73. Ke4 Bg5 74. Rh3 Ra8 75. Rc5 $1 Re8+ 76. Re5 $1
{Nå må svart velge om å bytte tårn eller miste en løper. Her valgte min
motstander å miste løperen, men det var ubevisst. Han glemte at jeg kunne slå
på g5.} Ra8 (76... Rxe5+ 77. Kxe5 {Hvit kan få lov til å sette brikkene sine
akuratt der han ønsker og svart kan ikke gjøre noe}) 77. Rxg5 Ra4+ 78. Kf3 Rb4
79. Rg4 Rb6 80. Rhg3 Rf6+ 81. Rf4 Re6 82. Rf7 Kh8 83. Rfxg7 h5 84. Rg8+ {Og
det er matt i 2 trekk} 1-0